000 01234njm a22002897a 4500
005 20100913100347.0
007 sd ammalaaahaa
008 100913t xxu||||| |||| 00| 0 hin d
028 _aEMOE. 2303
_bODEON
035 _aGR-02539
040 _aSED/VEN
100 _aMangeshkar, Lata
_919606
245 _aParasmani /
_cby Lata Mangeshkar ; music by Laxmikant Pyarelal ; lyric by Anand Bhopali
_h[sound recording] :
246 _aपारसमणि (लता मंगेशकर)
260 _aDum Dum, India
_bODEON
_c1972
300 _a1 sound disc [Gramophone record] :
_banalog, 45 rpm
_c7 in.
_fGramophone record
500 _aBrief record.
500 _aODEON
500 _aBlack
505 _aPart 1 Mere dil men halki si (Lata Mangeshkar) मेरे दिल में हलकी सी, Part 2 Hansta hua noorani chehra (Lata Mangeshkar & Kamal Barot) हँसता हुआ नूरानी चेहरा
_r
650 _aClassical Music
_xExcerpts
_zIndia
_919607
_vFimi song
700 _91184
_aBarot, Kamal
700 _aLaxmikant Pyarelal
_920156
700 _aAnand Bhopali
_920157
942 _2ddc
_cGR
999 _c45909
_d45909